La Liga: 250+ Matches (2000-) - Statistics

General Stats
  • This quiz has been taken 7 times
  • The average score is 63 of 176
Answer Stats
Ranking Player Positions Nationality Matches Goals (assists) Periods Clubs % Correct
9 Iker Casillas GK 483 0 (0) 2000-2015
100%
15 Ivan Rakitić MF 438 61 (65) 2010-2024
100%
8 Koke MF 485 38 (83) 2009-2025
100%
6 Lionel Messi MF, FW 519 474 (191) 2004-2021
100%
10 Sergio Busquets MF 481 10 (32) 2008-2023
100%
11 Xavi MF 464 57 (105) 2000-2015
100%
13 Andrés Iniesta MF 442 35 (65) 2002-2018
83%
4 Antoine Griezmann MF, FW 530 198 (84) 2010-2025
83%
12 Aritz Aduriz FW 443 158 (46) 2002-2003, 2005-2020
83%
40 Carles Puyol DF 368 13 (7) 2000-2014
83%
16 Dani Alves DF, MF 435 26 (96) 2002-2015, 2021-2022
83%
47 David Villa MF, FW 352 185 (46) 2003-2014
83%
147 Diego Alves GK 269 0 (0) 2007-2017
83%
41 Diego Godín DF 368 21 (12) 2007-2019
83%
20 Gabi MF 424 21 (39) 2003-2007, 2009-2018
83%
22 Gerard Piqué DF 419 31 (6) 2006-2007, 2008-2023
83%
30 Iago Aspas MF, FW 387 165 (64) 2012-2013, 2014-2025
83%
35 Isco MF, FW 382 68 (63) 2010-2025
83%
14 Karim Benzema FW 439 238 (106) 2009-2023
83%
27 Luka Modrić MF 394 30 (63) 2012-2025
83%
59 Raúl FW 334 129 (43) 2000-2010
83%
3 Sergio Ramos DF 536 77 (25) 2003-2020, 2023-2024
83%
32 Víctor Valdés GK 387 0 (0) 2002-2014
83%
101 Claudio Bravo GK 298 0 (0) 2006-2007, 2010-2016, 2020-2024
67%
107 Cristiano Ronaldo MF, FW 292 311 (83) 2009-2018
67%
66 Damián Suárez DF, MF 324 6 (22) 2011-2012, 2013-2015, 2017-2024
67%
5 Daniel Parejo MF 526 77 (79) 2008-2025
67%
171 Denis Suárez MF, FW 252 15 (34) 2014-2025
67%
48 Filipe Luís DF 351 15 (25) 2006-2013, 2015-2019
67%
72 Gerard Moreno MF, FW 321 121 (38) 2014-2025
67%
37 Iñaki Williams MF, FW 377 82 (46) 2014-2025
67%
25 Iñigo Martínez DF 405 23 (8) 2011-2025
67%
39 Jan Oblak GK 369 0 (0) 2014-2025
67%
7 Jesús Navas DF, FW 518 26 (82) 2003-2012, 2017-2025
67%
1 Joaquín MF, FW 623 77 (95) 2001-2012, 2015-2023
67%
31 Jordi Alba DF, MF 387 22 (67) 2009-2023
67%
58 José Luis Martí MF 335 8 (15) 2001-2002, 2003-2013
67%
19 Juanfran DF, MF 427 16 (39) 2003-2019
67%
79 Juanfran DF 315 4 (8) 2000-2003, 2006-2007, 2010-2016
67%
162 Luis Suárez FW 258 178 (73) 2014-2022
67%
110 Marc-André ter Stegen GK 291 0 (2) 2015-2025
67%
33 Marcelo DF, MF 386 26 (57) 2006-2022
67%
28 Raúl Albiol DF 394 8 (3) 2004-2012, 2019-2025
67%
86 Thibaut Courtois GK 311 0 (0) 2011-2013, 2018-2025
67%
91 Toni Kroos MF 306 22 (69) 2014-2024
67%
132 Xabi Alonso MF 274 13 (28) 2000-2003, 2009-2014
67%
77 Adrián López MF, FW 316 45 (24) 2006-2013, 2015-2017, 2019-2021
50%
56 Ángel Correa MF, FW 335 68 (41) 2015-2025
50%
99 Ángel López DF, MF 300 8 (14) 2000-2003, 2005-2012, 2015-2016
50%
134 Antonio López DF, MF 273 13 (23) 2002-2013
50%
123 Asier Illarramendi MF 279 13 (16) 2010-2023
50%
118 Dani Carvajal DF 286 10 (32) 2013-2025
50%
93 Dani García MF 303 3 (9) 2014-2024
50%
165 David López DF, MF 255 17 (8) 2010-2011, 2013-2014, 2016-2019, 2021-2025
50%
29 Diego López GK 390 0 (0) 2005-2006, 2007-2013, 2016-2019, 2021-2023
50%
119 Fernando Llorente FW 285 89 (17) 2004-2012, 2015-2016
50%
121 Fernando Torres FW 281 103 (26) 2002-2006, 2014-2018
50%
109 Guti MF, FW 291 37 (49) 2000-2010
50%
18 Iker Muniain MF, FW 434 56 (36) 2009-2024
50%
120 Jaume Costa DF 285 5 (13) 2011-2012, 2013-2024
50%
173 Javi López DF, MF 252 2 (8) 2009-2020
50%
49 Joan Capdevila DF 350 30 (14) 2000-2010, 2012-2014
50%
140 Jorge López MF 271 36 (24) 2000-2011
50%
111 Jorge Molina FW 289 73 (24) 2011-2013, 2015-2016, 2017-2022
50%
84 José Luis Gayà DF, MF 311 8 (30) 2013-2025
50%
174 José María Giménez DF 252 6 (8) 2013-2025
50%
61 Luis García MF, FW 329 73 (43) 2003-2012
50%
161 Marcos Senna MF 259 20 (17) 2002-2012
50%
80 Mikel Oyarzabal MF, FW 315 85 (44) 2015-2025
50%
68 Moi Gómez MF, FW 324 29 (29) 2011-2012, 2013-2016, 2018-2025
50%
51 Pedro León MF, FW 346 44 (54) 2007-2021
50%
2 Raúl García MF, FW 609 111 (48) 2004-2024
50%
65 Roberto Soldado FW 325 129 (38) 2005-2012, 2015-2016, 2019-2022
50%
85 Rubén García MF, FW 311 30 (27) 2012-2015, 2019-2025
50%
156 Samuel Eto'o FW 264 155 (41) 2000-2009
50%
69 Santi Cazorla MF 323 53 (57) 2003-2011, 2018-2020
50%
46 Saúl Ñíguez DF, MF 353 33 (25) 2012-2025
50%
44 Sergio García MF, FW 360 75 (62) 2003-2008, 2010-2014, 2017-2019
50%
43 Álvaro Negredo FW 361 127 (35) 2007-2012, 2014-2015, 2020-2024
33%
62 Andrés Guardado DF, MF, FW 327 17 (34) 2007-2010, 2012-2013, 2017-2024
33%
170 Carlos Vela MF, FW 252 69 (40) 2007-2008, 2011-2018
33%
64 Cristhian Stuani MF, FW 325 111 (16) 2010-2014, 2017-2018, 2022-2025
33%
139 David Soria GK 271 0 (0) 2016-2025
33%
143 Djené DF, MF 270 1 (3) 2017-2025
33%
154 Esteban Granero MF 264 18 (20) 2007-2011, 2013-2020
33%
129 Fernando MF, FW 274 54 (20) 2000-2011
33%
83 José Luis Morales MF, FW 312 76 (31) 2014-2015, 2017-2024
33%
67 Juan Rodríguez MF 324 20 (9) 2003-2016
33%
87 Lucas Vázquez DF, MF, FW 310 29 (47) 2014-2025
33%
138 Manu del Moral FW 272 53 (20) 2005-2015
33%
60 Manu Trigueros MF, FW 330 22 (24) 2013-2024
33%
150 Munir El Haddadi MF, FW 267 47 (21) 2014-2025
33%
160 Rubén Pérez MF 261 2 (6) 2009-2020
33%
34 Sergio Canales MF, FW 384 49 (49) 2008-2023
33%
97 Víctor Sánchez DF, MF 302 13 (24) 2007-2020
33%
149 Yuri Berchiche DF, FW 269 13 (19) 2009-2010, 2014-2016, 2018-2025
33%
142 Adriano DF, MF 270 20 (24) 2004-2016
17%
175 Antonio Barragán DF, MF 251 3 (17) 2006-2007, 2009-2010, 2011-2015, 2017-2022
17%
54 Cani MF 341 29 (40) 2001-2002, 2003-2011, 2013-2016
17%
104 Carlos Marchena DF, MF 297 11 (7) 2001-2013
17%
106 Chory Castro MF, FW 296 41 (39) 2007-2018
17%
63 David Albelda DF, MF 326 7 (11) 2000-2013
17%
108 Dimitri Foulquier DF, MF 292 5 (15) 2013-2016, 2018-2025
17%
53 Duda DF, FW 343 34 (54) 2001-2002, 2003-2017
17%
78 Éver Banega MF 315 27 (37) 2007-2015, 2017-2020
17%
114 Fabián Orellana MF, FW 288 42 (43) 2009-2010, 2012-2021
17%
88 Hugo Mallo DF 309 9 (19) 2012-2023
17%
127 Javi Fuego MF 277 9 (4) 2007-2008, 2011-2019
17%
50 José Antonio Reyes MF 347 48 (55) 2001-2003, 2006-2007, 2009-2017
17%
100 Juanmi MF, FW 299 68 (12) 2009-2014, 2016-2025
17%
89 Mario Gaspar DF, MF 309 11 (19) 2008-2009, 2010-2011, 2013-2022
17%
36 Markel Susaeta MF, FW 379 38 (52) 2007-2019
17%
125 Mikel Balenziaga DF 278 1 (8) 2008-2009, 2010-2011, 2012-2023
17%
92 Mikel San José DF, MF 304 27 (7) 2009-2020
17%
17 Óscar de Marcos DF, FW 435 25 (45) 2009-2025
17%
82 Pablo Piatti MF, FW 313 47 (31) 2008-2022
17%
42 Pedro Munitis FW 362 29 (60) 2000-2012
17%
126 Portu DF, MF, FW 278 44 (29) 2013-2014, 2017-2025
17%
157 Rubén Baraja MF 263 41 (21) 2000-2010
17%
122 Rubén Castro MF, FW 280 93 (22) 2000-2001, 2004-2007, 2011-2013, 2015-2018
17%
148 Santi Mina MF, FW 269 63 (20) 2012-2022
17%
76 Sergi Darder MF, FW 317 26 (30) 2013-2015, 2017-2019, 2021-2025
17%
90 Sergio Asenjo GK 308 0 (0) 2007-2023
17%
105 Vicente Iborra MF 297 33 (13) 2007-2008, 2010-2016, 2018-2022
17%
116 Víctor Ruiz DF, MF 287 8 (6) 2009-2018, 2020-2023
17%
152 Willian José FW 267 81 (26) 2013-2014, 2015-2024
17%
26 Alberto Lopo DF 400 18 (4) 2000-2016
0%
169 Alberto Rivera MF 252 8 (10) 2000-2001, 2004-2011, 2013-2014
0%
71 Alexis DF 321 17 (3) 2003-2018
0%
24 Andoni Iraola DF, MF 406 33 (34) 2003-2015
0%
133 Ángel Lafita MF, FW 273 35 (15) 2005-2016
0%
117 Ariel Ibagaza MF 286 26 (64) 2000-2010
0%
176 Beñat Etxebarria MF 251 16 (34) 2006-2007, 2011-2020
0%
113 Bruno Soriano MF 288 21 (10) 2006-2011, 2013-2016, 2019-2020
0%
81 Carlos Gurpegui DF, MF 313 19 (2) 2001-2005, 2007-2016
0%
57 Carlos Kameni GK 335 0 (1) 2004-2012, 2014-2017
0%
94 Daniel Aranzubia GK 303 1 (1) 2000-2010, 2012-2014
0%
135 David Cortés DF 273 0 (9) 2002-2012
0%
167 David Navarro DF 254 10 (3) 2001-2016
0%
95 Dudu Aouate GK 303 0 (0) 2003-2013
0%
172 Edu MF, FW 252 61 (26) 2000-2009
0%
23 Fernando Navarro DF 412 3 (7) 2001-2018
0%
168 Fernando Varela DF, MF 254 14 (8) 2001-2010
0%
21 Francisco Puñal MF 420 22 (35) 2001-2014
0%
115 Francisco Yeste MF 288 51 (61) 2000-2010
0%
73 Gonzalo Colsa MF 320 29 (8) 2000-2001, 2002-2012
0%
45 Gorka Iraizoz GK 354 0 (0) 2005-2019
0%
128 Igor Gabilondo MF 275 32 (23) 2000-2012
0%
153 Iván Ramis DF 266 16 (1) 2003-2004, 2006-2011, 2014-2020
0%
70 Javier Casquero MF 322 43 (15) 2001-2012
0%
144 Javi Venta DF 270 3 (8) 2001-2012
0%
158 Joan Verdú MF 262 35 (24) 2006-2013, 2015-2016
0%
145 Joseba Etxeberria MF, FW 270 48 (34) 2000-2010
0%
155 José María Movilla MF 264 8 (17) 2000-2001, 2002-2007, 2011-2013
0%
96 Juan Carlos Valerón MF 302 19 (49) 2000-2010, 2012-2013, 2015-2016
0%
137 Juanito DF 272 21 (3) 2001-2010
0%
112 Kiké MF, FW 289 58 (8) 2016-2025
0%
102 Leo Franco GK 298 0 (0) 2000-2008, 2010-2011, 2012-2013
0%
103 Manuel Pablo DF 298 1 (12) 2000-2010, 2012-2013, 2014-2016
0%
136 Mehdi Lacen MF 273 7 (9) 2005-2006, 2008-2015, 2017-2018
0%
130 Miguel Ángel Moyá GK 274 0 (0) 2004-2014, 2016-2020
0%
166 Mikel Aranburu MF 255 18 (13) 2000-2006, 2010-2012
0%
151 Óscar MF 267 41 (23) 2001-2007, 2012-2014
0%
159 Pablo Orbaiz MF 262 11 (11) 2000-2011
0%
74 Papakouli Diop MF 320 12 (9) 2009-2021
0%
164 Pedro López Muñoz DF 257 5 (7) 2004-2005, 2007-2009, 2011-2015, 2017-2018, 2020-2021
0%
55 Raúl Tamudo FW 340 126 (23) 2000-2013
0%
131 Ricardo GK 274 0 (0) 2000-2001, 2003-2004, 2005-2010, 2012-2013
0%
141 Riki FW 271 51 (19) 2004-2010, 2012-2015
0%
52 Sergio MF 346 33 (38) 2000-2011
0%
75 Sergio Ballesteros DF 318 6 (2) 2000-2007, 2010-2013
0%
98 Tomás Pina Isla MF 301 8 (7) 2009-2015, 2017-2022
0%
163 Valdo MF, FW 258 34 (33) 2001-2013
0%
146 Víctor Casadesús FW 270 49 (26) 2004-2007, 2009-2016
0%
124 Walter Pandiani FW 279 84 (14) 2000-2012
0%
38 Xabi Prieto MF 375 53 (49) 2003-2006, 2010-2018
0%
No matching quizzes found
Score Distribution
Percent of People with Each Score
Percentile by Number Answered
Your Score History
You have not taken this quiz